| 000 | 00710cam a2200265 4500 | ||
|---|---|---|---|
| 001 | 28904 | ||
| 010 | _a9722621122 | ||
| 005 | 20220405165330.0 | ||
| 021 |
_aPT _b181549/02 |
||
| 090 | _a28904 | ||
| 100 | _a20080417d2002 d y0pory5003 ba | ||
| 101 | 0 | _apor | |
| 102 | _aPT | ||
| 105 | _aa z 000yy | ||
| 106 | _ar | ||
| 930 | _lBECRE | ||
| 675 |
_a087.5 _vBNL _zpor |
||
| 675 | _a821.134.3-93"19" | ||
| 700 | 1 |
_aSoares, _bLuísa Ducla, _f1939- _92431 |
|
| 702 | 1 |
_aLopes, _bMaria João _4440 _92398 |
|
| 200 | 1 |
_aQuem está aí? _fLuísa Ducla Soares _gil. Maria João Lopes |
|
| 210 |
_aPorto _cCivilização, _d2002 |
||
| 215 |
_a[25] p. _cil. _d26 cm |
||
| 225 | 2 | _aObra completa de Luísa Ducla Soares | |
| 990 | _cLIVROS | ||